LEADER 01845oam 2200445zu 450 001 9910145649903321 005 20241212215424.0 010 $a9781509096343 010 $a1509096345 035 $a(CKB)1000000000278077 035 $a(SSID)ssj0000454321 035 $a(PQKBManifestationID)12192107 035 $a(PQKBTitleCode)TC0000454321 035 $a(PQKBWorkID)10395859 035 $a(PQKB)11274776 035 $a(NjHacI)991000000000278077 035 $a(EXLCZ)991000000000278077 100 $a20160829d2006 uy 101 0 $aeng 135 $aur||||||||||| 181 $ctxt 182 $cc 183 $acr 200 10$a2006 IEEE Computer Society Annual Symposium on VLSI (ISVLSI 2006): 02-03 March 2006/Karlsruhe, Germany 210 31$a[Place of publication not identified]$cIEEE Computer Society Press$d2006 215 $a1 online resource (478 pages) 300 $aBibliographic Level Mode of Issuance: Monograph 311 08$a9780769525334 311 08$a0769525334 330 $aThis Symposium explores emerging trends and novel ideas and concepts in the area of VLSI. ISVLSI 2006 covers a range of topics: from VLSI circuits, systems, and design methods to system level design and system-on-chip issues, to bringing VLSI experience to new areas and technologies like nano- and molecular devices, MEMS, and quantum computing. Future design methodologies are one of the key topics at the workshop, as well as new CAD tools to support them. 606 $aComputers$xCircuits$vCongresses 606 $aSystem design$vCongresses 615 0$aComputers$xCircuits 615 0$aSystem design 676 $a004 801 0$bPQKB 906 $aPROCEEDING 912 $a9910145649903321 996 $a2006 IEEE Computer Society Annual Symposium on VLSI (ISVLSI 2006): 02-03 March 2006$92371760 997 $aUNINA LEADER 01571nam0 22003613i 450 001 MIL0346885 005 20251003044231.0 010 $a0471048798 100 $a20200225d1979 ||||0itac50 ba 101 | $aeng 102 $aus 181 1$6z01$ai $bxxxe 182 1$6z01$an 183 1$6z01$anc$2RDAcarrier 200 1 $aIndustrial marketing strategy$fFrederick E. Webster Jr 210 $aNew York [etc.]$cJ. Wiley & sons$dc1979 215 $aXVI, 279 p.$cill.$d24 cm. 225 | $aRonald series on marketing management 410 0$1001RMS0022270$12001 $aRonald series on marketing management 606 $aMarketing industriale$2FIR$3VEAC439807$9E 676 $a658.8$9Gestione della diatribuzione (marketing)$v20 676 $a658.804$9MARKETING RELATIVO A SPECIFICI TIPI DI ACQUIRENTE$v23 696 $aMarketing business to business 699 $aMarketing industriale$yMarketing business to business 700 1$aWebster$b, Frederick E.$c $3MILV136617$4070$0106005 801 3$aIT$bIT-000000$c20200225 850 $aIT-BN0095 901 $bNAP 01$cPOZZO LIB.$nVi sono collocati fondi di economia, periodici di ingegneria e scienze, periodici di economia e statistica e altri fondi comprendenti documenti di economia pervenuti in dono. 912 $aMIL0346885 950 0$aBiblioteca Centralizzata di Ateneo$c1 v.$d 01POZZO LIB.F. CORTI 565$e 01 0000129365E VMA 1 v.$fB $h20230928$i20231003 977 $a 01 996 $aIndustrial marketing strategy$9432307 997 $aUNISANNIO